| 000 | 00585nam a2200181Ia 4500 | ||
|---|---|---|---|
| 003 | IN-BaIIA | ||
| 008 | 211028s9999 xx 000 0 eng d | ||
| 020 | _a0-8247-9656-X | ||
| 040 | _cIIA Library | ||
| 080 |
_a083.7:621.882.082.4 _bISI |
||
| 100 |
_aStamatis, D. H. _921409 |
||
| 245 | 0 |
_aUnderstanding ISO 9000 and implementing the basics to quality _cStamatis, D.H |
|
| 260 |
_aNewyork _bMarcel Dekker _c1995 |
||
| 300 | _axiv, 260p. | ||
| 490 | _aQuality and reliability: 45 | ||
| 650 |
_aStandards, ISO 9000 _921410 |
||
| 942 | _cBK | ||
| 999 |
_c12244 _d12244 |
||